母音で市・町・村(人口3万人以上5万人未満) - Statistics

General Stats
  • This quiz has been taken 10 times
  • The average score is 111 of 237
Answer Stats
都道府県 母音 人口(人) 市町村 % Correct
青森県 オオアアア 49,811 五所川原市
100%
石川県 オイ 49,704 能美市
83%
香川県 アアイエ 49,575 坂出市
83%
新潟県 アオ 48,103 佐渡市
83%
石川県 アアオ 46,500 七尾市
83%
高知県 アンオウ 45,979 南国市
83%
富山県 ウオエ 39,155 黒部市
83%
千葉県 オイアオ 49,999 富里市
67%
沖縄県 イイアイ 49,830 石垣市
67%
福岡県 アアアア 49,435 那珂川市
67%
福岡県 イウオ 49,134 筑後市
67%
愛知県 アアアア 49,041 高浜市
67%
熊本県 アアオ 49,036 荒尾市
67%
島根県 アアア 48,576 浜田市
67%
宮崎県 イイアン 48,198 日南市
67%
山口県 イアイ 48,015 光市
67%
広島県 イオイ 47,904 三次市
67%
愛知県 イアウア 47,761 岩倉市
67%
千葉県 アンウ 47,745 山武市
67%
千葉県 オオアイイアアオ 47,660 大網白里市
67%
山形県 イアイエ 47,631 東根市
67%
長野県 ウア 47,559 諏訪市
67%
秋田県 オイオ 47,247 能代市
67%
静岡県 イウアア 47,179 菊川市
67%
新潟県 オオアアイ 47,124 十日町市
67%
佐賀県 アエオ 46,972 武雄市
67%
沖縄県 アンオウ 46,929 南城市
67%
兵庫県 オオ 46,825 小野市
67%
富山県 オアイ 46,674 砺波市
67%
熊本県 イウイ 46,599 菊池市
67%
長野県 オアア 46,469 岡谷市
67%
茨城県 イアイオオア 46,390 常陸太田市
67%
山梨県 ウイオイア 46,364 富士吉田市
67%
鹿児島県 イオイ 46,134 日置市
67%
富山県 アンオ 46,071 南砺市
67%
岐阜県 エア 46,054 恵那市
67%
滋賀県 アアイア 45,190 高島市
67%
香川県 アウイ 44,348 さぬき市
67%
兵庫県 アオウ 44,179 赤穂市
67%
佐賀県 オイ 44,063 小城市
67%
岡山県 アアオア 44,030 笠岡市
67%
兵庫県 イアイアアイ 43,732 南あわじ市
67%
鳥取県 ウアオイ 43,663 倉吉市
67%
北海道 オオイエウ 43,615 登別市
67%
愛知県 インイオ 42,375 新城市
67%
富山県 イイ 42,167 氷見市
67%
宮崎県 オアアイ 42,075 小林市
67%
千葉県 ウッウ 40,427 富津市
67%
神奈川県 イアイアイアア 40,164 南足柄市
67%
茨城県 アウイアウア 39,893 かすみがうら市
67%
秋田県 ウアア 39,484 湯沢市
67%
兵庫県 アンアアアアア 39,095 丹波篠山市
67%
富山県 ウオウ 38,617 魚津市
67%
茨城県 イアイオオイア 37,861 常陸大宮市
67%
奈良県 アウアイ 37,794 葛城市
67%
徳島県 オイオアア 37,558 吉野川市
67%
滋賀県 アイアア 36,928 米原市
67%
石川県 アオウ 36,200 かほく市
67%
熊本県 ウオ 36,143 宇土市
67%
千葉県 イアイオウオウ 34,066 南房総市
67%
山梨県 アアアイ 32,710 山梨市
67%
新潟県 ウオウア 32,522 魚沼市
67%
富山県 アエイアア 32,489 滑川市
67%
山形県 インオウ 32,362 新庄市
67%
岩手県 オオウアオ 32,059 大船渡市
67%
岩手県 ウイ 31,216 久慈市
67%
福岡県 オオアア 31,147 大川市
67%
茨城県 アイ 49,643 阿見町
50%
茨城県 ウウイ 49,528 結城市
50%
神奈川県 アウアア 48,997 寒川町
50%
埼玉県 アッエ 48,801 幸手市
50%
福岡県 アウア 48,723 粕屋町
50%
静岡県 ウオオ 48,688 裾野市
50%
茨城県 オイアア 48,482 小美玉市
50%
群馬県 イオイ 48,470 みどり市
50%
熊本県 アアア 48,002 山鹿市
50%
茨城県 オオア 46,537 鉾田市
50%
和歌山県 アイアン 46,492 海南市
50%
福岡県 イエ 46,379 志免町
50%
静岡県 イウオウイ 45,983 伊豆の国市
50%
新潟県 オエン 45,690 五泉市
50%
山梨県 オウオ 45,380 北杜市
50%
埼玉県 イア 45,042 伊奈町
50%
福岡県 アアア 44,839 田川市
50%
三重県 イアエ 44,507 いなべ市
50%
三重県 イア 44,110 志摩市
50%
栃木県 アウア 43,760 さくら市
50%
千葉県 アエアア 43,554 館山市
50%
愛知県 アオイ 43,534 弥富市
50%
福島県 イアアア 43,519 喜多方市
50%
宮城県 イアウア 43,137 岩沼市
50%
島根県 アウア 42,986 益田市
50%
静岡県 アイオアア 42,326 牧之原市
50%
山口県 アイ 41,637 萩市
50%
兵庫県 アアイ 41,455 加西市
50%
兵庫県 アアイ 41,364 淡路市
50%
兵庫県 ウオオ 40,767 洲本市
50%
長崎県 ウンエン 40,724 雲仙市
50%
長崎県 イアイイアアア 40,640 南島原市
50%
茨城県 イアイアアイ 40,014 北茨城市
50%
神奈川県 イウア 39,842 三浦市
50%
山形県 アアエ 39,417 寒河江市
50%
兵庫県 アオウ 39,413 加東市
50%
神奈川県 アイアア 39,377 愛川町
50%
新潟県 アアオ 39,165 阿賀野市
50%
愛媛県 オオウ 39,040 大洲市
50%
栃木県 イウ 38,140 壬生町
50%
新潟県 イオイアア 38,041 糸魚川市
50%
宮城県 イアイアウイア 37,875 東松島市
50%
茨城県 アウアアア 37,635 桜川市
50%
福岡県 アンア 37,553 苅田町
50%
石川県 ウアア 37,521 津幡町
50%
茨城県 イアイイ 37,012 稲敷市
50%
北海道 アイアア 36,515 滝川市
50%
熊本県 オオウ 36,343 大津町
50%
岡山県 エオウイ 36,160 瀬戸内市
50%
愛媛県 イオ 35,173 伊予市
50%
広島県 ウウウ 35,105 府中市
50%
大分県 ウウイ 34,895 臼杵市
50%
千葉県 イウイ 34,705 いすみ市
50%
徳島県 オアウイア 34,604 小松島市
50%
島根県 ウンアン 34,426 雲南市
50%
徳島県 アア 34,188 阿波市
50%
兵庫県 イオウ 33,749 宍粟市
50%
長崎県 オオウ 33,739 五島市
50%
千葉県 オウア 33,294 匝瑳市
50%
福岡県 インウウ 32,979 新宮町
50%
愛媛県 オウオン 32,959 東温市
50%
新潟県 オイア 32,602 小千谷市
50%
高知県 オウアン 32,585 香南市
50%
鳥取県 アアイイアオ 32,469 境港市
50%
福島県 オウア 32,261 相馬市
50%
鹿児島県 オオ 32,185 曽於市
50%
大分県 ウンオオオオ 31,998 豊後大野市
50%
静岡県 イイウ 31,637 清水町
50%
島根県 オオア 31,475 大田市
50%
鹿児島県 イアイウウウウ 31,457 南九州市
50%
高知県 イアンオ 31,424 四万十市
50%
秋田県 アアアイ 31,271 潟上市
50%
鹿児島県 イアイアウア 31,094 南さつま市
50%
京都府 アアエ 31,072 綾部市
50%
福岡県 イウエン 30,805 筑前町
50%
宮城県 イオイイ 30,569 白石市
50%
茨城県 イアアイ 30,523 茨城町
50%
青森県 ウオイイ 30,428 黒石市
50%
北海道 アッアアイ 30,336 稚内市
50%
千葉県 アオアア 30,209 鴨川市
50%
栃木県 アイア 30,117 矢板市
50%
愛媛県 アアアアア 30,019 八幡浜市
50%
長野県 ウアア 49,149 須坂市
33%
三重県 アエアア 49,130 亀山市
33%
岩手県 イアオ 45,632 宮古市
33%
群馬県 オイオア 45,172 富岡市
33%
愛知県 オウオウ 43,928 東郷町
33%
熊本県 イウオウ 43,761 菊陽町
33%
静岡県 アアイウイ 43,705 長泉町
33%
群馬県 ウアア 43,532 沼田市
33%
北海道 オウオ 42,810 北斗市
33%
北海道 オオウエ 42,683 音更町
33%
大阪府 ウアオイ 42,544 熊取町
33%
岡山県 アアイア 42,490 赤磐市
33%
沖縄県 オイアン 42,289 読谷村
33%
長野県 アアオ 42,162 中野市
33%
茨城県 イオウア 42,071 下妻市
33%
長崎県 イアアア 42,044 島原市
33%
愛知県 オウア 42,023 幸田町
33%
群馬県 オオイウイ 41,653 大泉町
33%
沖縄県 アエアウ 41,330 南風原町
33%
長野県 オオオ 41,248 小諸市
33%
岡山県 アイア 40,778 真庭市
33%
三重県 オオオ 40,758 菰野町
33%
鹿児島県 アアイ 40,239 奄美市
33%
長崎県 アアオ 39,479 長与町
33%
福岡県 アアア 39,014 中間市
33%
茨城県 オウアイ 38,151 東海村
33%
新潟県 イウエ 38,061 見附市
33%
岐阜県 ウオウ 37,728 郡上市
33%
兵庫県 イイアイ 37,688 西脇市
33%
青森県 イアア 37,380 三沢市
33%
鹿児島県 イウウイ 37,207 指宿市
33%
福岡県 ウイ 36,878 宇美町
33%
岡山県 イアア 36,670 井原市
33%
宮城県 イアア 36,331 柴田町
33%
京都府 エイア 36,210 精華町
33%
徳島県 アイウイ 35,320 藍住町
33%
島根県 アウイ 35,112 安来市
33%
奈良県 オウオウ 35,020 広陵町
33%
福岡県 アア 34,143 嘉麻市
33%
愛媛県 エイオ 33,721 西予市
33%
愛知県 オオアウ 33,566 大治町
33%
大分県 ウウ 33,521 由布市
33%
静岡県 アアイ 33,290 熱海市
33%
沖縄県 アエエ 33,255 八重瀬町
33%
福島県 アウア 32,982 田村市
33%
岐阜県 オオウ 32,885 本巣市
33%
岩手県 イア 32,684 紫波町
33%
岡山県 アアウイ 32,525 浅口市
33%
東京都 イウオ 32,013 瑞穂町
33%
神奈川県 アアア 31,813 葉山町
33%
茨城県 アエアア 31,505 行方市
33%
岐阜県 アイウ 31,505 海津市
33%
長野県 オアアエ 31,325 駒ヶ根市
33%
北海道 アエ 31,208 伊達市
33%
広島県 オウアア 31,198 庄原市
33%
岡山県 イエン 30,816 備前市
33%
栃木県 アイオアア 30,748 上三川町
33%
佐賀県 アンアイ 30,185 神埼市
33%
埼玉県 ウイオ 43,562 杉戸町
17%
愛知県 アエオオ 43,399 武豊町
17%
埼玉県 イオイ 37,377 三芳町
17%
愛知県 アイエ 36,824 蟹江町
17%
静岡県 アンアイ 36,105 函南町
17%
宮城県 イウ 35,863 利府町
17%
沖縄県 イイアア 35,659 西原町
17%
群馬県 アアウア 35,620 玉村町
17%
岐阜県 イウアイ 35,279 瑞浪市
17%
愛知県 ウオウ 35,043 扶桑町
17%
兵庫県 アイア 34,687 播磨町
17%
福岡県 イアア 34,291 みやま市
17%
熊本県 アイイ 34,107 益城町
17%
埼玉県 イアイオ 33,471 宮代町
17%
宮城県 アアイ 32,825 亘理町
17%
大阪府 イアオオ 32,247 島本町
17%
北海道 アアイイ 32,199 網走市
17%
埼玉県 オオアア 32,043 毛呂山町
17%
神奈川県 オオイオ 31,757 大磯町
17%
埼玉県 オイイ 31,675 寄居町
17%
福岡県 オアアイ 31,460 岡垣町
17%
奈良県 アアアオオ 31,379 田原本町
17%
広島県 アイア 30,810 海田町
17%
山梨県 ウウオウ 30,597 中央市
17%
埼玉県 アイアオ 30,530 上里町
17%
兵庫県 イアイ 30,491 稲美町
17%
山口県 アアオ 30,207 長門市
17%
愛媛県 アアイ 30,195 松前町
17%
兵庫県 アイイ 33,414 太子町
0%
福岡県 アアウイ 31,261 篠栗町
0%
No matching quizzes found
Score Distribution
Percent of People with Each Score
Percentile by Number Answered
Your Score History
You have not taken this quiz